000 00571njm a2200181 i 4500
001 C2-0267970
003 PPAK
005 20180729152304.0
008 060808s2005 my |||| ||||| | may d
040 _aPPAK
_beng
_cPPAK
_erda
245 0 0 _aTuan Hj. Mohd. Rejab bin Mahmood
264 1 _aAlor Setar, Kedah :
_bPerbadanan Perpustakaan Awam Kedah ,
_c2005
336 _2rdacontent
_atext
337 _2rdamedia
_aunmediated
338 _2rdacarrier
_avolume
500 _aTiada transkripsi ; Dirakam pada 8/8/2005 ; Rakaman Majlis Pesara Dalam Kenangan
942 _ddc
_cB
999 _c163497
_d163497